| 000 | 00418nam a2200157Ia 4500 | ||
|---|---|---|---|
| 003 | GCL | ||
| 005 | 20240530100716.0 | ||
| 008 | 140319s9999 xx 000 0 eng d | ||
| 040 |
_aGCL / _cGCL |
||
| 082 | 0 | 4 |
_a174.4 _bHE |
| 100 | 1 | _aHOSMER, LARUE TONE | |
| 245 | 1 | 0 |
_aThe Ethics OF Management \ _cHOSMER, LARUE TONE |
| 260 |
_a[S.N] : _bMacmillan Publishing Company ، _c1990 |
||
| 300 | _a204 P | ||
| 942 |
_2ddc _cBK |
||
| 999 |
_c19970 _d19970 |
||